|
|
|
|
| LEADER |
00000nam a22000007a 4500 |
| 005 |
20191220110025.0 |
| 007 |
cr|||| ||| |
| 008 |
191220c20149999cl n|w s|||| 0|||b1spa d |
| 035 |
|
|
|a 21724
|
| 040 |
|
|
|a vLex
|
| 090 |
|
|
|c 10082
|d 10082
|
| 245 |
0 |
0 |
|a Boletn̕ FIMA
|h [Recurso electrn̤ico] /
|
| 256 |
|
|
|a Servicio en ln̕ea
|
| 260 |
|
|
|a Santiago de Chile:
|b Fiscala̕ de Medio Ambiente de Chile,
|c 2014 -
|
| 300 |
|
|
|a 1 recurso electrn̤ico
|
| 310 |
|
|
|a Irregular
|
| 506 |
1 |
|
|a Disponible solo en los productos indicados
|d vLex Global
|d vLex Global (Academic Edition, excluding Law Schools)
|d vLex Global (U.S. Academic Edition, Law Schools)
|d vLex Global (U.S. Academic Edition, excluding Law Schools)
|d vLex Global (Academic Edition, Law Schools)
|
| 650 |
0 |
4 |
|a Derecho del Medio Ambiente
|z Chile
|
| 740 |
0 |
|
|a vLex Revistas (Servicio en ln̕ea)
|
| 856 |
4 |
0 |
|u http://vlex.com/source/boletin-fima-21724
|z Acceso restringido
|
| 942 |
|
|
|c REV
|
| 999 |
0 |
|
|a Environmental Law
|